00000000nam##2200000za#4500
0019.625483
003CaOODSP
00520240212134142
007ta
008150406|2000||||xxc|||||     f|0| 0 fre|d
020 |a0-662-85276-1
022 |a1713-0646
040 |aCaOODSP|bfre
043 |an-cn---
0861 |aNE22-1/2000-7F
1101 |aCanada. |bOffice national de l'énergie.
24510|aMotifs de décision: pipelines Trans-Nord Inc. : |bsuspension proposée des services sur le latéral Don Valley
260 |aCalgary - Alberta : |bOffice national de l'énergie |c2000.
300 |aiii, 21p. : |bfigure, tableau ; |c28 cm.
4901 |aMotifs de décision|x1713-0646
5203 |aL’Office national de l’énergie publie des motifs de décision lorsqu’il s’attend à ce que l’incidence de ses décisions dépasse le cadre de la cause entendue. L’Office est un tribunal indépendant chargé de réglementer les industries du pétrole, du gaz et de l’électricité. Ses décisions ont une incidence sur l’industrie, les consommateurs d’énergie et quiconque est propriétaire d’un terrain ou vit à proximité des droits de passage de pipelines ou de lignes d’électricité internationales. Ses décisions visent à protéger l’intérêt public en ce qui a trait à la sécurité, à la protection de l’environnement et à l’efficience économique.
563 |aCouverture souple
590 |a01-01|b2001-01-05
77508|tIn the matters of: Trans-Northern Pipelines Inc. : |w(CaOODSP)9.615395
7760#|tMotifs de décision relativement à Pipelines Trans-Nord Inc. : |w(CaOODSP)9.602948
830#0|aMotifs de décision (Canada. Office national de l'énergie)|x1713-0646|w(CaOODSP)9.513162
986 |aMH-3-2000